Xã hội học về dư luận xã hội
Trình bày đối tượng, quan hệ, chức năng của nghiên cứu xã hội học về dư luận xã hội; Bản chất của dư luận xã hội; Sơ lược một số quan điểm lý thuyết về dư luận xã hội; Các quy luật và các hành vi của dư luận xã hội; Vai trò của dư luận xã hội; Quá trình hình thành và biến đổi của dư luận xã hội......
Đã lưu trong:
| Tác giả chính: | |
|---|---|
| Định dạng: | Sách |
| Năm xuất bản: |
H.
Đại học Quốc gia
2006
|
| Chủ đề: | |
| Tags: |
Thêm thẻ
Không có thẻ, Hãy là người đầu tiên gắn thẻ bản ghi này!
|
| LEADER | 00949nam a2200157 4500 | ||
|---|---|---|---|
| 999 | |c 10676 |d 10676 | ||
| 082 | |a 301 |b NG527Q | ||
| 100 | |a Nguyễn Quý Thanh | ||
| 245 | |a Xã hội học về dư luận xã hội |c Nguyễn Quý Thanh | ||
| 260 | |a H. |b Đại học Quốc gia |c 2006 | ||
| 300 | |a 367 tr. |c 21 cm. | ||
| 520 | |a Trình bày đối tượng, quan hệ, chức năng của nghiên cứu xã hội học về dư luận xã hội; Bản chất của dư luận xã hội; Sơ lược một số quan điểm lý thuyết về dư luận xã hội; Các quy luật và các hành vi của dư luận xã hội; Vai trò của dư luận xã hội; Quá trình hình thành và biến đổi của dư luận xã hội... | ||
| 653 | |a Xã hội học | ||
| 653 | |a Dư luận xã hội | ||
| 942 | |2 ddc |c SH | ||
| 952 | |0 0 |1 0 |2 ddc |4 0 |6 301_000000000000000_NG527Q |7 0 |8 300 |9 92242 |a qbu |b qbu |c D2 |d 2015-08-29 |g 36500 |o 301 NG527Q |p 10538.c1 |r 0000-00-00 |w 2015-08-29 |y SH | ||